000 00281nam a22001337a 4500
020 _a9789356348844
082 _a300
_bOSW/S
245 _aCLASS IX, SOCIAL SCIENCE
250 _a19
260 _aAGRA
_bOSWALL BOOKS
300 _a232
650 _aQUESTION BANK
_zDELHI
942 _cBK
999 _c6885
_d6885